| 000 -LEADER |
| fixed length control field |
00641nam a22001937a 4500 |
| 005 - DATE AND TIME OF LATEST TRANSACTION |
| control field |
20191003120558.0 |
| 008 - FIXED-LENGTH DATA ELEMENTS--GENERAL INFORMATION |
| fixed length control field |
191003s2017 ru ||||| |||| 00| 0 rus d |
| 020 ## - INTERNATIONAL STANDARD BOOK NUMBER |
| International Standard Book Number |
9789941460364 |
| 041 ## - LANGUAGE CODE |
| Language code of text/sound track or separate title |
rus |
| 080 ## - UNIVERSAL DECIMAL CLASSIFICATION NUMBER |
| Universal Decimal Classification number |
616.316.006(075) Т- 41 |
| 100 ## - MAIN ENTRY--PERSONAL NAME |
| Personal name |
Тимофеев, А. А |
| 9 (RLIN) |
4465 |
| 245 ## - TITLE STATEMENT |
| Title |
ОПУХОЛИ СЛЮННЬХ ЖЕЛЁЗ : |
| Remainder of title |
Монография / |
| Statement of responsibility, etc. |
A.A. Тимофеев, Б. Беридзе. |
| 264 ## - PRODUCTION, PUBLICATION, DISTRIBUTION, MANUFACTURE, AND COPYRIGHT NOTICE |
| Place of production, publication, distribution, manufacture |
Батуми : |
| Name of producer, publisher, distributor, manufacturer |
Аджара, |
| Date of production, publication, distribution, manufacture, or copyright notice |
2017. |
| 300 ## - PHYSICAL DESCRIPTION |
| Extent |
118 ст.: |
| Other physical details |
ил.; |
| Dimensions |
24 см. |
| 653 ## - INDEX TERM--UNCONTROLLED |
| keyword |
მედიცინა |
| 653 ## - INDEX TERM--UNCONTROLLED |
| keyword |
медицина |
| 700 ## - ADDED ENTRY--PERSONAL NAME |
| Personal name |
Беридзе,б |
| 9 (RLIN) |
4466 |
| 942 ## - ADDED ENTRY ELEMENTS (KOHA) |
| Source of classification or shelving scheme |
|
| Koha item type |
წიგნი |